名前に「黒」がつく駅 - Statistics

General Stats
  • This quiz has been taken 101 times
  • The average score is 22 of 42
Answer Stats
Hint Answer % Correct
山手線東急目黒線 他 目黒
97%
あいの風とやま鉄道 黒部
97%
北陸新幹線 黒部宇奈月温泉
92%
土讃線 黒川
90%
小田急多摩線 黒川
90%
名古屋市営地下鉄名城線 黒川
90%
松浦鉄道 黒川
90%
名鉄名古屋本線 黒田
87%
近鉄田原本線 黒田
87%
東急東横線東京メトロ日比谷線 中目黒
86%
水戸線 羽黒
65%
名鉄小牧線 羽黒
65%
富山地方鉄道本線 新黒部
62%
信越本線 黒井
59%
福知山線 黒井
59%
弘南鉄道弘南線 黒石
59%
熊本電気鉄道菊池線 黒石
59%
東北本線 黒磯
54%
鹿児島本線 黒崎
54%
北上線 黒沢
51%
由利高原鉄道 黒沢
51%
山陰本線 黒松
49%
仙台市営地下鉄南北線 黒松
49%
白新線 黒山
48%
東北本線 黒田原
47%
函館本線 黒松内
44%
富山地方鉄道本線 電鉄黒部
43%
銚子電鉄 笠上黒生
41%
函館本線 黒岩
37%
伯備線 黒坂
33%
秩父鉄道 和銅黒谷
27%
しなの鉄道北しなの線 黒姫
27%
加古川線 黒田庄
25%
紀勢本線 黒江
24%
小海線 羽黒下
20%
関東鉄道常総線 黒子
18%
加古川線 本黒田
16%
名鉄豊田線 黒笹
14%
黒部峡谷鉄道 黒薙
13%
熊本電気鉄道藤崎線 黒髪町
11%
城端線 東石黒
10%
山陰本線 黒井村
9%
No matching quizzes found
Score Distribution
Percent of People with Each Score
Percentile by Number Answered
Your Score History
You have not taken this quiz